Normal view
MARC view
Entry Geographic Name
001 - CONTROL NUMBER
- control field: 434
003 - CONTROL NUMBER IDENTIFIER
- control field: ARRUPE
005 - DATE AND TIME OF LATEST TRANSACTION
- control field: 20130917174854.0
008 - FIXED-LENGTH DATA ELEMENTS
- fixed length control field: 130917|| aca||aabn | a|a d
040 ## - CATALOGING SOURCE
- Original cataloging agency: ARRUPE
- Transcribing agency: ARRUPE
151 ## - HEADING--GEOGRAPHIC NAME
- Geographic name: South Sudan
- General subdivision: Politics and government
- Chronological subdivision: 2005-2011.
670 ## - SOURCE DATA FOUND
- Source citation: Work cat.: (ARRUPE)0: LeRiche, Matthew. 431, South Sudan :, 2012.